'Parks and Rec' Episodes by ANY Word Quiz Stats

Quiz Updated Apr 5, 2017

Challenge
Share
Tweet
Embed
Score 0/122 Timer 11:00
2 Plays Today
% Correct
The Trial of Leslie Knope
96.2%
The Pawnee-Eagleton Tip Off Classic
94.2%
How a Bill Becomes a Law
92.9%
Leslie and Ron
92.2%
Ron & Tammy: Part Two
92.1%
End of the World
92%
The Cones of Dunshire
91.9%
Woman of the Year
91.8%
Leslie and Ben
91.8%
London: Parts 1 & 2
91.8%
The Johnny Karate Super Awesome Musical Explosion Show
91.4%
Ron and Tammy
91.2%
The Set Up
90.9%
The Debate
90.9%
Ron & Tammys
90.8%
Ron and Diane
90.8%
The Master Plan
90.8%
The Fight
90.7%
The Treaty
90.7%
Ron & Jammy
90.7%
The Comeback Kid
90.7%
The Stakeout
90.7%
The Reporter
90.6%
The Banquet
90.5%
The Possum
90.5%
The Bubble
90.5%
The Camel
90.5%
The Wall
90.5%
Meet 'n' Greet
89.9%
Ann and Chris
89.4%
Donna and Joe
86.1%
One Last Ride: Parts 1 & 2
85.2%
Born & Raised
84.6%
Moving Up: Parts 1 & 2
84%
Leslie vs. April
81.9%
I'm Leslie Knope
81.8%
Ms. Knope Goes to Washington
80.4%
Ms. Ludgate-Dwyer Goes to Washington
76.6%
One in 8,000
74.7%
Fancy Party
69.9%
Smallest Park
67.8%
% Correct
Park Safety
67.1%
Women in Garbage
64.6%
Operation Ann
62.6%
Pawnee Zoo
60.8%
Pawnee Rangers
59.6%
Pawnee Commons
59.2%
Go Big or Go Home
58.3%
Flu Season 2
56.7%
Are You Better Off?
54.3%
Gin It Up!
52.2%
Li'l Sebastian
50.8%
Citizen Knope
49.9%
Two Funerals
49.9%
Article Two
49.7%
Two Parties
49.5%
Campaign Shake-Up
44.4%
Win, Lose, or Draw
43.5%
Galentine's Day
43%
Galentine's Day
42.8%
Bowling for Votes
41.9%
Pilot
41.4%
Eagleton
40.5%
Recall Vote
33.5%
Harvest Festival
33.4%
Flu Season
31.7%
Sister City
30.9%
Campaign Ad
30.7%
Swing Vote
30.5%
Halloween Surprise
29%
Rock Show
26.4%
Christmas Scandal
26.1%
Hunting Trip
25.9%
New Slogan
24.9%
New Beginnings
24.6%
Road Trip
24.5%
94 Meetings
24.2%
Leslie's House
23.4%
Sweet Sixteen
23.1%
Tom's Divorce
20.5%
Time Capsule
20.3%
Camping
19.3%
% Correct
Boys' Club
19%
Sweetums
18.5%
Jerry's Painting
18.5%
Indianapolis
18.2%
Practice Date
17.9%
Jerry's Retirement
17.7%
Greg Pikitis
16.6%
Freddy Spaghetti
16.6%
Ben's Parents
16.5%
Ann's Decision
15.8%
Animal Control
15.5%
Bus Tour
15.3%
2017
14.9%
Save JJ's
14.5%
Canvassing
14.3%
Summer Catalog
14%
Sex Education
13.3%
Soda Tax
13.2%
Telethon
13.1%
Dave Returns
13%
Live Ammo
12.3%
Gryzzlbox
12.1%
Pie-Mary
11.9%
Kaboom
11.6%
Media Blitz
11.6%
Emergency Response
11.5%
Beauty Pageant
11.4%
Prom
11.3%
Correspondents' Lunch
10.8%
Second Chunce
10.8%
Filibuster
10.4%
William Henry Harrison
10.3%
Soulmates
9.3%
Partridge
9.3%
Lucky
9.1%
Bailout
8.6%
Farmers Market
8.5%
Fluoride
8.3%
Doppelgängers
8.2%
Anniversaries
7.6%

You're not logged in!

Compare scores with friends on all Sporcle quizzes.
Sign Up with Email
OR
Log In

You Might Also Like...

Show Comments

Extras

Top Quizzes Today


Score Distribution

Your Account Isn't Verified!

In order to create a playlist on Sporcle, you need to verify the email address you used during registration. Go to your Sporcle Settings to finish the process.